000 00723nam a22002417a 4500
003 CBULib
005 20231031131648.0
008 231002b |||||||| |||| 00| 0 eng d
020 _a9780199282265
040 _bEnglish
_cCBULib
_erda
041 _aeng
050 _aBD 111 Con
100 1 _9804
_aConee, Earl,
_d1950-
245 _aRiddles of existence : a guided tour of metaphysics
_c/ by Earl Conee and Theodore Sider
260 _aNew York,
_bOxford University Press
_c2005
300 _avii, 210 pages : illustrations
336 _2rdacontent
_aText |
337 _2rdamedia
_aUnmediated |
338 _2rdacarrier
_aVolume
650 0 _aMETAPHYSICS
_9147
700 _9805
_aSider Theodore
942 _2lcc
_c002
999 _c82933
_d82933